Aktivizujúce metódy vo výučbe odborných ekonomických predmetov na stredných školách v Slovenskej republike dizertačná práca

Gespeichert in:
Bibliographische Detailangaben
1. Verfasser: Velichová, Ľudmila
Körperschaft: Ekonomická univerzita v Bratislave. Národohospodárska fakulta
Weitere Verfasser: Šlosár, Rudolf
Format: Buch
Sprache:Slowakisch
Veröffentlicht: Bratislava Národohospodárska fakulta EU 2004
Schlagworte:
Tags: Tag hinzufügen
Keine Tags, Fügen Sie das erste Tag hinzu!

MARC

LEADER 00000nam$a2200000$$$4500
001 0023368
005 20240502071417.2
041 0 |a slo 
044 |a SK 
245 1 0 |a Aktivizujúce metódy vo výučbe odborných ekonomických predmetov na stredných školách v Slovenskej republike  |b dizertačná práca  |c Ľudmila Velichová ; školiteľ: Rudolf Šlosár 
264 1 |a Bratislava  |b Národohospodárska fakulta EU  |c 2004 
300 |a 159 s. 
610 2 0 |a školy stredné 
610 2 0 |a ekonómia 
610 2 0 |a vzdelávanie 
610 2 0 |a školstvo 
610 2 0 |a Slovensko 
100 1 |a Velichová, Ľudmila 
700 1 |a Šlosár, Rudolf 
710 2 |a Ekonomická univerzita v Bratislave. Národohospodárska fakulta